| 000 | 01011cam a2200217 4500 | ||
|---|---|---|---|
| 001 | WS124035 | ||
| 008 | 031027n 000 0 eng u | ||
| 035 | _a(Sirsi) u124040 | ||
| 110 |
_aAssociation of Management Consulting Firms _94547 |
||
| 245 | _aAssociation of Management Consulting Firms | ||
| 520 | _aWeb site for this international association of firms engaged in the practice of management consultancy in particular it looks at issues pertaining to the separation of accounting and consulting within the bog five accountancy firms, Includes their code of ethics, benchmarking data and details of lobbying issues. | ||
| 650 |
_aManagement consultancy _96255 |
||
| 650 | _aORGANISATION | ||
| 650 | _aINTERNATIONAL | ||
| 650 | _aCODE OF ETHICS | ||
| 650 | _aMANAGEMENT-BUSINESS MANAGEMENT-FINANCIAL MANAGEMENT-ACCOUNTING | ||
| 650 | _aBENCHMARKING | ||
| 690 | _aMANAGEMENT-BUSINESS MANAGEMENT | ||
| 856 | 4 | 0 |
_uhttps://www.amcf.org _zView the website free of charge at www.amcf.org... |
| 942 | _n0 | ||
| 999 |
_c120360 _d120360 |
||